000 01126cab a2200265 4500
001 ABS58491
008 090401t1998 xxu||||| |||| 00| 0 eng d
035 _a(Sirsi) u84710
041 _aeng
100 _aBoxer, C.
245 _aValuers negligence: calculation of damages
260 _c1998
350 _a0
490 _aSolicitors` Journal
_v142(7) 20 February 1998, 159(1)
520 _aReviews three recent cases from the House of Lords and the Court of Appeal which have attempted to clarify the law on the issue of damages in the case of valuers` negligence. Concludes that attempts to ensure that the method of calculating damages is fair, is too complicated and will simply increase the cost of litigation.
650 _aDAMAGES
650 _aNEGLIGENCE
650 _aNYKREDIT MORTGAGE BANK LTD V EDWARD ERDMAN GROUP LTD
650 _aPLATFORM HOME LOANS LTD V OYSTON SHIPWAYS LTD AND OTHERS
650 _aSOUTH AUSTRALIA ASSET MANAGEMENT CORPORATION V YORK MONTAGUE LTD
650 _aVALUERS
690 _aMANAGEMENT-BUSINESS MANAGEMENT-PROFESSIONAL PRACTICE
942 _n0
948 _c05/03/1998
999 _c53271
_d53271